000 00552nam a2200217Ia 4500
003 LK-CoDNM
005 20240930141824.0
008 010623t1902 xxu||||| |||| 00| 1 eng d
040 _aLK-CoDNM
_dLK-CoDNM
_eLK-CoDNM
041 _aeng
080 _a24
_bO8
100 _aBullen,A.H.
245 _aMusa Proterva : Love-Poems of the Restoration
260 _bPrivately
_c1902
300 _b127p. : 21 cm
650 _aPoetry
650 _aMusa Proterva : Love-Poems of the Restoration
650 _aPrivately
650 _a24O8
942 _cBK
999 _c85381
_d85381